Viu el Parc : juliol-novembre / juliol-novembre /
Publicado:
[Girona] :
Diputació de Girona, Àrea d'Ensenyament i Cultura, Àrea del Medi Ambient ,
2001
Descripción Física:
Fulletons : il·lustracions ; 30 cm
Colección:
Viu el Parc!
Materias:
Parc Natural del Montseny (Catalunya)
; Parc Natural del Montseny (Catalunya) -- Activitats culturals
Idioma:
Catalán
MARC
| LEADER | 00000nam a2200000Ia 4500 | ||
|---|---|---|---|
| 001 | 15109, 15110, 15354, 16718, 21875, 23127, 23813, 25930, 25946, 26016, 26215 | ||
| 003 | Arxiu | ||
| 005 | 20260324181511.0 | ||
| 008 | 160829c2001 spca xx s cat c | ||
| 017 | |a DL B 15156-2016 | ||
| 017 | |a DL B B 17144-2019 | ||
| 017 | |a DL B 16848-2015 | ||
| 017 | |a DL B 16441-2014 | ||
| 017 | |a DL B 16237-2018 | ||
| 040 | |a AGDB | ||
| 080 | |a FU-34-2, FU-34-3, FU-36-16, FU-45-38, FU-45-44, FU-59-32, FU-62-47 | ||
| 080 | |a FU-70-59 | ||
| 080 | |a FU-70-66 | ||
| 080 | |a FU-71-30 | ||
| 080 | |a FU-72-5 | ||
| 080 | |a FU-62-47 | ||
| 080 | |a FU-62-73 | ||
| 110 | 2 | |a Parc Natural del Montseny (Catalunya) |9 10461 | |
| 245 | 1 | 0 | |a Viu el Parc : |b juliol-novembre / |c Parc Natural del Montseny. Reserva de la Biosfera |
| 260 | |a [Girona] : |b Diputació de Girona, Àrea d'Ensenyament i Cultura, Àrea del Medi Ambient, |c 2001- | ||
| 300 | |a Fulletons : |b il·lustracions ; |c 30 cm | ||
| 310 | |a Anual | ||
| 362 | |a 2001- | ||
| 490 | 1 | |a Viu el Parc! | |
| 500 | |a A partir de 2013 l'edita la Gerència de Serveis d'Espais Naturals de la Diputació de Barcelona. La mida canvia de 30 a 21 cm | ||
| 590 | |a A la portada: Diputació Barcelona, Xarxa de Municipis, Àrea d'Espais Natural, Àrea de Cultura. | ||
| 590 | |a A partir de 2003 el títol és: Viu el parc / Parc Natural del Montseny. Reserva de la biosfera | ||
| 610 | 0 | |a Parc Natural del Montseny (Catalunya) |9 10461 | |
| 610 | 0 | |a Parc Natural del Montseny (Catalunya) |x Activitats culturals |9 53382 | |
| 710 | 1 | |9 7250 |a Barcelona (Catalunya : Província). |b Xarxa de Parcs Naturals | |
| 710 | 1 | |9 52730 |a Barcelona (Catalunya : Província). |b Gerència de Serveis d’Espais Naturals | |
| 710 | 1 | |a Girona (Catalunya : Província). |b Diputació |9 11479 | |
| 830 | 0 | |9 55831 |a Viu el Parc! | |
| 866 | |a 2001-2004 | ||
| 866 | |a 2009-2010 | ||
| 866 | |a 2012-2019 | ||
| 901 | |a Arxiu | ||
| 942 | |n 1 |2 udc |c ARXIU | ||
| 952 | |0 0 |1 0 |4 0 |7 1 |9 55081 |a Arxiu |b Arxiu |d 2016-12-01 |h 12a edició (2004) |o FU-45-38 |p 16718 |r 2016-12-01 00:00:00 |w 2016-12-01 |y ARXIU | ||
| 952 | |0 0 |1 0 |4 0 |7 1 |9 56088 |a Arxiu |b Arxiu |d 2023-03-30 |h 20a edició (2012) |o FU-62-47 |p 23813 |r 2016-12-01 00:00:00 |w 2016-12-01 |y ARXIU | ||
| 952 | |0 0 |1 0 |4 0 |7 1 |9 56090 |a Arxiu |b Arxiu |d 2023-03-30 |h 21a edició (2013) |o FU-62-73 |p 23902 |r 2016-12-01 00:00:00 |w 2016-12-01 |y ARXIU | ||
| 952 | |0 0 |1 0 |4 0 |6 FU6792 |7 1 |9 60805 |a Arxiu |b Arxiu |d 2021-11-17 |h 26a edició (2018) |o FU-67-92 |p 24993 |r 2021-11-17 00:00:00 |w 2021-11-17 |y ARXIU | ||
| 952 | |0 0 |1 0 |4 0 |7 1 |9 62342 |a Arxiu |b Arxiu |d 2022-06-13 |h 25a edició (2017) |o FU-70-54 |p 25883 |r 2022-06-13 00:00:00 |w 2022-06-13 |y ARXIU | ||
| 952 | |0 0 |1 0 |4 0 |7 1 |9 62392 |a Arxiu |b Arxiu |d 2022-06-14 |h 24a edició (2016) |o FU-70-59 |p 25930 |r 2022-06-14 00:00:00 |w 2022-06-14 |y ARXIU | ||
| 952 | |0 0 |1 0 |4 0 |6 FU7066 |7 1 |9 62411 |a Arxiu |b Arxiu |d 2022-06-15 |h 27a edició (2019) |l 0 |o FU-70-66 |p 25946 |r 2022-06-15 00:00:00 |w 2022-06-15 |y ARXIU | ||
| 952 | |0 0 |1 0 |4 0 |6 FU7130 |7 1 |9 62486 |a Arxiu |b Arxiu |d 2022-06-21 |h 23a edició (2015) |l 0 |o FU-71-30 |p 26016 |r 2022-06-21 00:00:00 |w 2022-06-21 |y ARXIU | ||
| 952 | |0 0 |1 0 |4 0 |7 1 |9 62730 |a Arxiu |b Arxiu |d 2022-07-11 |h 22a edició (2014) |o FU-72-5 |p 26215 |r 2022-07-11 00:00:00 |w 2022-07-11 |y ARXIU | ||
| 952 | |0 0 |1 0 |4 0 |6 FU5932 |7 1 |9 65426 |a Arxiu |b Arxiu |d 2023-03-01 |h 18a edició (2010) |l 0 |o FU-59-32 |p 23127 |r 2023-03-01 00:00:00 |w 2023-03-01 |y ARXIU | ||
| 952 | |0 0 |1 0 |4 0 |6 FU342 |7 1 |9 65503 |a Arxiu |b Arxiu |d 2023-03-07 |h 9a edició (2001) |l 0 |o FU-34-2 |p 15109 |r 2023-03-07 00:00:00 |w 2023-03-07 |y ARXIU | ||
| 952 | |0 0 |1 0 |4 0 |6 FU343 |7 1 |9 65504 |a Arxiu |b Arxiu |d 2023-03-07 |h 10a edició (2002) |l 0 |o FU-34-3 |p 15110 |r 2023-03-07 00:00:00 |w 2023-03-07 |y ARXIU | ||
| 952 | |0 0 |1 0 |4 0 |6 FU3616 |7 1 |9 65909 |a Arxiu |b Arxiu |d 2023-03-30 |h 11a edició (2003) |l 0 |o FU-36-16 |p 15354 |r 2023-03-30 00:00:00 |w 2023-03-30 |y ARXIU | ||
| 952 | |0 0 |1 0 |4 0 |6 FU4544 |7 1 |9 66008 |a Arxiu |b Arxiu |d 2023-04-05 |h 17a edició (2009) |l 0 |o FU-45-44 |p 21875 |r 2023-04-05 00:00:00 |w 2023-04-05 |y ARXIU | ||
| 999 | |c 58953 |d 58953 | ||